[Event "GBR-ch85"]
[Site "Torquay"]
[Date "1998.07.31"]
[Round "5.33"]
[White "Leech, Aiden"]
[Black "Barton, R Alan"]
[Result "1/2-1/2"]
[WhiteElo "2145"]
[BlackElo "2180"]
[PlyCount "143"]
[EventDate "1998.07.27"]
[EventType "swiss"]
[EventRounds "11"]
[EventCountry "GBR"]
[SourceTitle "BritBase"]
[Source "britbase.info"]
[SourceDate "2021.07.30"]
[SourceVersion "1"]
[SourceVersionDate "2021.07.30"]
[SourceQuality "1"]

1. e4 d5 2. exd5 Qxd5 3. Nc3 Qa5 4. d4 Nf6 5. Nf3 c6 6. Bd2 Bf5 7. Bc4 e6 8.
Nd5 Qd8 9. Ne3 Bg6 10. a3 Nbd7 11. Bb4 Be7 12. O-O O-O 13. Bxe7 Qxe7 14. Qe2
Rfe8 15. Rfe1 Qd6 16. Rad1 Rad8 17. Bd3 Bh5 18. h3 Qf4 19. g4 Bg6 20. Ng2 Qc7
21. Bxg6 hxg6 22. Ne5 Nxe5 23. dxe5 Nd7 24. g5 Qxe5 25. Qxe5 Nxe5 26. Nh4 Nc4
27. Nf3 Rd5 28. b3 Nxa3 29. c4 Rf5 30. Kg2 a5 31. h4 a4 32. Nd4 Rc5 33. Ra1
Nxc4 34. bxc4 Rxc4 35. Nf3 Rd8 36. Rec1 Rg4+ 37. Kh3 Re4 38. Rab1 Rd3 39. Kg3
Rb3 40. Rxb3 axb3 41. Rb1 Rb4 42. Nd2 b2 43. Kf3 c5 44. Ke3 b5 45. Ne4 c4 46.
Kd2 Kf8 47. Kc2 Ke7 48. Rxb2 Rxb2+ 49. Kxb2 b4 50. Kc2 e5 51. Nd2 c3 52. Ne4
Ke6 53. Nc5+ Kf5 54. Nd3 e4 55. Nxb4 Kg4 56. Kxc3 f5 57. Kd2 Kxh4 58. Ke3 Kxg5
59. Nd5 Kg4 60. Ne7 g5 61. Ke2 f4 62. Nd5 Kh3 63. Nc3 g4 64. Nxe4 g3 65. fxg3
fxg3 66. Kf3 g2 67. Nf2+ Kh2 68. Ng4+ Kh1 69. Nf2+ Kg1 70. Kg3 g6 71. Ng4 Kh1
72. Nf2+ 1/2-1/2

[Event "GBR-ch85"]
[Site "Torquay"]
[Date "1998.08.01"]
[Round "6.1"]
[White "Short, Nigel David"]
[Black "Rowson, Jonathan"]
[Result "1/2-1/2"]
[WhiteElo "2670"]
[BlackElo "2495"]
[PlyCount "100"]
[EventDate "1998.07.27"]
[EventType "swiss"]
[EventRounds "11"]
[EventCountry "GBR"]
[SourceTitle "BritBase"]
[Source "britbase.info"]
[SourceDate "2021.07.30"]
[SourceVersion "1"]
[SourceVersionDate "2021.07.30"]
[SourceQuality "1"]

1. e4 c5 2. Nf3 d6 3. d4 cxd4 4. Nxd4 Nf6 5. Nc3 a6 6. Be2 e5 7. Nb3 Be7 8. O-O
O-O 9. Be3 Be6 10. Nd5 Nbd7 11. Qd3 Rc8 12. c4 Nc5 13. Nxc5 dxc5 14. b3 Bxd5
15. cxd5 Bd6 16. a4 Qe7 17. g3 c4 18. bxc4 Bc5 19. Bd2 Ra8 20. Kg2 Rfc8 21. Bc3
Bd6 22. Rab1 Qc7 23. f4 Nd7 24. f5 b6 25. Bd2 Rab8 26. Qf3 Qd8 27. h4 Nc5 28.
Ra1 Be7 29. Rh1 Nb7 30. g4 Nd6 31. Rac1 f6 32. a5 Nb7 33. axb6 Qxb6 34. g5 Nc5
35. Be3 Qb2 36. Rcd1 Nxe4 37. Rb1 Qa2 38. Ra1 Qb2 39. Rhb1 Qc2 40. Rc1 Qb2 41.
Rab1 Qa2 42. Rxb8 Rxb8 43. Kf1 Ba3 44. Qxe4 Bxc1 45. Bxc1 Qa1 46. Qe3 Rb1 47.
Kg2 Rxc1 48. Qb6 Qa2 49. Qd8+ Kf7 50. Qd7+ Kf8 1/2-1/2

[Event "GBR-ch85"]
[Site "Torquay"]
[Date "1998.08.01"]
[Round "6.3"]
[White "Gormally, Daniel"]
[Black "Sasikiran, Krishnan"]
[Result "1/2-1/2"]
[WhiteElo "2400"]
[BlackElo "2470"]
[PlyCount "133"]
[EventDate "1998.07.27"]
[EventType "swiss"]
[EventRounds "11"]
[EventCountry "GBR"]
[SourceTitle "BritBase"]
[Source "britbase.info"]
[SourceDate "2021.07.30"]
[SourceVersion "1"]
[SourceVersionDate "2021.07.30"]
[SourceQuality "1"]

1. d4 Nf6 2. Nf3 g6 3. Bg5 Bg7 4. c3 O-O 5. Nbd2 d6 6. e4 Nbd7 7. Bc4 e5 8. O-O
h6 9. Bh4 Qe8 10. Re1 Nb6 11. Bb3 Bd7 12. Nc4 Nxc4 13. Bxc4 Bc6 14. Bd3 Nh5 15.
Qb3 b6 16. a4 Kh8 17. dxe5 dxe5 18. Bb5 a6 19. Bxc6 Qxc6 20. Rad1 Kg8 21. Nd2
b5 22. axb5 axb5 23. Nf1 Nf4 24. f3 Bf6 25. Bg3 Be7 26. Bxf4 exf4 27. g3 fxg3
28. hxg3 Rfd8 29. Kg2 Qc5 30. Rxd8+ Rxd8 31. Rd1 Rd6 32. Rxd6 Bxd6 33. Qd1 h5
34. Qd5 Qxd5 35. exd5 Kf8 36. b3 Ke7 37. c4 Bb4 38. Ne3 Kd6 39. g4 Bd2 40. Nf1
Bf4 41. gxh5 gxh5 42. cxb5 Kxd5 43. Kh3 Kc5 44. Kh4 Kxb5 45. Kxh5 Kb4 46. Kg4
Be5 47. Kf5 Bd4 48. Ke4 c5 49. Kd3 Kxb3 50. Nd2+ Kb4 51. Nc4 f6 52. Nd6 Be5 53.
Nc4 Kb5 54. Nd2 Kc6 55. Ke4 Kd6 56. Nc4+ Ke6 57. Ne3 Bd4 58. Nc4 f5+ 59. Kd3
Kd5 60. Nb6+ Ke5 61. Nc4+ Kf4 62. Ke2 Bc3 63. Nb6 Bd4 64. Nc4 Kg3 65. Nd6 f4
66. Nf5+ Kg2 67. Nd6 1/2-1/2

[Event "GBR-ch85"]
[Site "Torquay"]
[Date "1998.08.01"]
[Round "6.4"]
[White "Summerscale, Aaron"]
[Black "Hebden, Mark"]
[Result "1/2-1/2"]
[WhiteElo "2455"]
[BlackElo "2590"]
[PlyCount "93"]
[EventDate "1998.07.27"]
[EventType "swiss"]
[EventRounds "11"]
[EventCountry "GBR"]
[SourceTitle "BritBase"]
[Source "britbase.info"]
[SourceDate "2021.07.30"]
[SourceVersion "1"]
[SourceVersionDate "2021.07.30"]
[SourceQuality "1"]

1. d4 Nf6 2. c4 g6 3. Nc3 Bg7 4. e4 d6 5. Nf3 O-O 6. Be2 e5 7. O-O Nc6 8. d5
Ne7 9. Ne1 Nd7 10. Be3 f5 11. f3 f4 12. Bf2 g5 13. a4 Ng6 14. a5 Kh8 15. Nd3
Rg8 16. c5 Nf6 17. cxd6 cxd6 18. a6 b6 19. Nb4 Bf8 20. Rc1 g4 21. fxg4 Bh6 22.
Rc2 Bg5 23. Kh1 Qd7 24. Nb5 Nxe4 25. Rc7 Qd8 26. Nc6 Qf6 27. Nbxa7 f3 28. gxf3
Nxf2+ 29. Rxf2 Bxg4 30. fxg4 Qxf2 31. Qf1 Qh4 32. Bd3 Raf8 33. Bf5 Bf4 34. Qe2
Qh3 35. Nc8 Rxf5 36. gxf5 Qxf5 37. Nxd6 Qb1+ 38. Kg2 Ne7+ 39. Kh3 Qg6 40. Nf7+
Qxf7 41. Nxe7 e4 42. Nxg8 Bxc7 43. a7 Qf5+ 44. Kg2 Qg5+ 45. Kh3 Qf5+ 46. Kg2
Qg5+ 47. Kh3 1/2-1/2

[Event "GBR-ch85"]
[Site "Torquay"]
[Date "1998.08.01"]
[Round "6.6"]
[White "Ward, Christopher G"]
[Black "Levitt, Jonathan P"]
[Result "1/2-1/2"]
[WhiteElo "2505"]
[BlackElo "2430"]
[PlyCount "95"]
[EventDate "1998.07.27"]
[EventType "swiss"]
[EventRounds "11"]
[EventCountry "GBR"]
[SourceTitle "BritBase"]
[Source "britbase.info"]
[SourceDate "2021.07.30"]
[SourceVersion "1"]
[SourceVersionDate "2021.07.30"]
[SourceQuality "1"]

1. d4 Nf6 2. c4 e6 3. Nc3 Bb4 4. Bg5 c5 5. d5 d6 6. e3 exd5 7. cxd5 Nbd7 8. Bd3
Qa5 9. Nge2 Nxd5 10. O-O Bxc3 11. bxc3 c4 12. Bc2 Nxc3 13. Nxc3 Qxc3 14. Qxd6
Qe5 15. Bf4 Qxd6 16. Bxd6 Nf6 17. e4 Bd7 18. e5 Nd5 19. Be4 Bc6 20. Rfc1 c3 21.
Bxd5 Bxd5 22. Rxc3 Bc6 23. f4 g6 24. Kf2 Rc8 25. Rd1 a6 26. g3 h5 27. Bb4 Rd8
28. Rcd3 Rxd3 29. Rxd3 Bd7 30. Rc3 Bc6 31. a4 Kd7 32. a5 Rc8 33. Ke3 Bb5 34.
Bc5 Ke6 35. Kd4 f6 36. Re3 Rd8+ 37. Bd6 Rc8 38. Bc5 Rd8+ 39. Kc3 Rd1 40. exf6+
Kxf6 41. Be7+ Kf7 42. Bg5 Rd7 43. Kb4 Rc7 44. Re4 Bd3 45. Rd4 Bf5 46. Rc4 Rxc4+
47. Kxc4 Ke6 48. Kc5 1/2-1/2

[Event "GBR-ch85"]
[Site "Torquay"]
[Date "1998.08.01"]
[Round "6.7"]
[White "Thipsay, Praveen"]
[Black "Arkell, Keith C"]
[Result "1/2-1/2"]
[WhiteElo "2450"]
[BlackElo "2475"]
[PlyCount "43"]
[EventDate "1998.07.27"]
[EventType "swiss"]
[EventRounds "11"]
[EventCountry "GBR"]
[SourceTitle "BritBase"]
[Source "britbase.info"]
[SourceDate "2021.07.30"]
[SourceVersion "1"]
[SourceVersionDate "2021.07.30"]
[SourceQuality "1"]

1. e4 c6 2. d4 d5 3. Nc3 dxe4 4. Nxe4 Nd7 5. Bc4 Ngf6 6. Nxf6+ Nxf6 7. c3 Qc7
8. Ne2 e6 9. Qd3 b6 10. Bf4 Bd6 11. Qg3 Bxf4 12. Nxf4 O-O 13. O-O Bb7 14. Nh5
Qxg3 15. Nxf6+ gxf6 16. fxg3 f5 17. Rf4 c5 18. g4 fxg4 19. Rxg4+ Kh8 20. Rf1
Rad8 21. Rgf4 Kg7 22. Rg4+ 1/2-1/2

[Event "GBR-ch85"]
[Site "Torquay"]
[Date "1998.08.01"]
[Round "6.8"]
[White "Lalic, Susan"]
[Black "Wells, Peter K"]
[Result "0-1"]
[WhiteElo "2350"]
[BlackElo "2515"]
[PlyCount "62"]
[EventDate "1998.07.27"]
[EventType "swiss"]
[EventRounds "11"]
[EventCountry "GBR"]
[SourceTitle "BritBase"]
[Source "britbase.info"]
[SourceDate "2021.07.30"]
[SourceVersion "1"]
[SourceVersionDate "2021.07.30"]
[SourceQuality "1"]

1. e4 e5 2. Nf3 Nc6 3. d4 exd4 4. Nxd4 Qf6 5. c3 Bc5 6. Be3 Qg6 7. Nd2 Nf6 8.
Nb5 Bxe3 9. fxe3 Kd8 10. Be2 Qxg2 11. Bf3 Qg5 12. Qe2 Qh4+ 13. Kd1 Ne5 14. Kc2
d6 15. Rhg1 g6 16. Raf1 a6 17. Nd4 c5 18. Bh1 Bg4 19. N4f3 Nfd7 20. Nc4 Bxf3
21. Bxf3 Nxc4 22. Qxc4 Ne5 23. Qd5 Kc7 24. Bd1 Qxh2+ 25. Kb1 Rad8 26. Rg5 Rhf8
27. Rf6 Qh4 28. Rxd6 Qxg5 29. Qxc5+ Kb8 30. Rd7 Rxd7 31. Qxf8+ Qd8 0-1

[Event "GBR-ch85"]
[Site "Torquay"]
[Date "1998.08.01"]
[Round "6.9"]
[White "Conquest, Stuart"]
[Black "Wall, Gavin"]
[Result "1-0"]
[WhiteElo "2490"]
[BlackElo "2355"]
[PlyCount "35"]
[EventDate "1998.07.27"]
[EventType "swiss"]
[EventRounds "11"]
[EventCountry "GBR"]
[SourceTitle "BritBase"]
[Source "britbase.info"]
[SourceDate "2021.07.30"]
[SourceVersion "1"]
[SourceVersionDate "2021.07.30"]
[SourceQuality "1"]

1. e4 e5 2. Nf3 d6 3. d4 exd4 4. Nxd4 Nf6 5. Nc3 Be7 6. Bd3 O-O 7. O-O Re8 8.
Kh1 Nc6 9. Nxc6 bxc6 10. f4 Bf8 11. e5 dxe5 12. fxe5 Ng4 13. Bf4 Qd7 14. Qe1
Qe6 15. Qh4 h6 16. h3 g5 17. Bxg5 hxg5 18. Qh7# 1-0

[Event "GBR-ch85"]
[Site "Torquay"]
[Date "1998.08.01"]
[Round "6.10"]
[White "Hinks-Edwards, Thomas"]
[Black "Ledger, Andrew"]
[Result "0-1"]
[WhiteElo "2315"]
[BlackElo "2450"]
[PlyCount "78"]
[EventDate "1998.07.27"]
[EventType "swiss"]
[EventRounds "11"]
[EventCountry "GBR"]
[SourceTitle "BritBase"]
[Source "britbase.info"]
[SourceDate "2021.07.30"]
[SourceVersion "1"]
[SourceVersionDate "2021.07.30"]
[SourceQuality "1"]

1. e4 c6 2. d4 d5 3. Nc3 dxe4 4. Nxe4 Nd7 5. Ng5 Ndf6 6. N1f3 Bg4 7. Bc4 e6 8.
h3 Bh5 9. g4 Bg6 10. Ne5 Bd6 11. Nxg6 hxg6 12. Qe2 Nd5 13. Bd2 Be7 14. Nf3 Ngf6
15. O-O-O Nd7 16. Bb3 Qc7 17. c4 N5f6 18. Ng5 Nh7 19. h4 Nxg5 20. hxg5 Rg8 21.
Kb1 O-O-O 22. f4 Nb6 23. Qe4 Qd7 24. Bc3 Rde8 25. a4 Kb8 26. a5 Nc8 27. a6 bxa6
28. Ba4 Nd6 29. Qf3 Rc8 30. d5 exd5 31. Rxd5 Qb7 32. Rc5 Nb5 33. cxb5 axb5 34.
Be5+ Ka8 35. Rc2 bxa4 36. Qe4 Bb4 37. Rd1 Rge8 38. Rc4 a5 39. Qc2 a3 0-1

[Event "GBR-ch85"]
[Site "Torquay"]
[Date "1998.08.01"]
[Round "6.11"]
[White "Martin, Andrew D"]
[Black "Cobb, James E"]
[Result "1-0"]
[WhiteElo "2445"]
[BlackElo "2305"]
[PlyCount "61"]
[EventDate "1998.07.27"]
[EventType "swiss"]
[EventRounds "11"]
[EventCountry "GBR"]
[SourceTitle "BritBase"]
[Source "britbase.info"]
[SourceDate "2021.07.30"]
[SourceVersion "1"]
[SourceVersionDate "2021.07.30"]
[SourceQuality "1"]

1. d4 Nf6 2. Nf3 g6 3. c4 Bg7 4. Nc3 O-O 5. e4 d6 6. h3 e5 7. d5 Na6 8. Bg5 c6
9. Nd2 h6 10. Bh4 Qe8 11. Be2 Bd7 12. O-O Nh7 13. Qb3 Nc5 14. Qa3 a5 15. Nb3 b6
16. Rad1 Bf6 17. Nxc5 dxc5 18. Bg3 Bg5 19. Rfe1 h5 20. Bf1 h4 21. Bh2 Nf6 22.
f4 Bxf4 23. Bxf4 exf4 24. e5 Nh5 25. Be2 Ng3 26. Bf3 Rc8 27. Qb3 b5 28. cxb5 c4
29. Qxc4 cxd5 30. Qxf4 Rc4 31. Qg5 1-0

[Event "GBR-ch85"]
[Site "Torquay"]
[Date "1998.08.01"]
[Round "6.12"]
[White "Lane, Gary William"]
[Black "Knott, Simon"]
[Result "1-0"]
[WhiteElo "2405"]
[BlackElo "2340"]
[PlyCount "113"]
[EventDate "1998.07.27"]
[EventType "swiss"]
[EventRounds "11"]
[EventCountry "GBR"]
[SourceTitle "BritBase Aug 2004"]

1. e4 e6 2. d4 d5 3. Nd2 Nf6 4. e5 Nfd7 5. c3 c5 6. f4 cxd4 7. cxd4 Nc6 8. Ndf3
f5 9. Bd3 Nb6 10. Ne2 Be7 11. Nc3 Bd7 12. Kf2 O-O 13. Be3 Be8 14. a3 a5 15. Qc2
Rc8 16. h3 Bg6 17. Qd1 Qd7 18. g4 Bd8 19. h4 fxg4 20. Bxg6 hxg6 21. Ne1 g3+ 22.
Kg2 Ne7 23. Nf3 Nf5 24. Bc1 Rc4 25. Qd3 a4 26. Bd2 Nc8 27. Ne2 Na7 28. Nxg3 Nc6
29. Ne2 Qe8 30. Rh3 Kf7 31. Bc3 Rh8 32. Rah1 Rh5 33. Nd2 b5 34. Nxc4 dxc4 35.
Qe4 Qd7 36. Ng3 Nxg3 37. Rxg3 Ne7 38. Rg5 Qd5 39. Kf3 Qxe4+ 40. Kxe4 Rh6 41. h5
Kg8 42. Rh3 gxh5 43. Rhxh5 Rxh5 44. Rxh5 g6 45. Rh3 Nd5 46. Be1 Be7 47. Bh4 Bf8
48. Bf6 c3 49. bxc3 Bxa3 50. c4 Nxf6+ 51. exf6 b4 52. c5 b3 53. Ke5 b2 54. Rh1
Kf7 55. Rb1 Bxc5 56. Rxb2 Bxd4+ 57. Kxd4 1-0

[Event "GBR-ch85"]
[Site "Torquay"]
[Date "1998.08.01"]
[Round "6.13"]
[White "Hunt, Adam"]
[Black "Pert, Nicholas"]
[Result "1/2-1/2"]
[WhiteElo "2265"]
[BlackElo "2390"]
[PlyCount "41"]
[EventDate "1998.07.27"]
[EventType "swiss"]
[EventRounds "11"]
[EventCountry "GBR"]
[SourceTitle "BritBase"]
[Source "britbase.info"]
[SourceDate "2021.07.30"]
[SourceVersion "1"]
[SourceVersionDate "2021.07.30"]
[SourceQuality "1"]

1. e4 e6 2. d4 d5 3. Nc3 Bb4 4. e5 c5 5. Bd2 Ne7 6. a3 Bxc3 7. Bxc3 b6 8. Bb5+
Bd7 9. Bd3 Nbc6 10. f4 cxd4 11. Bd2 b5 12. Nf3 Qb6 13. O-O f5 14. b3 O-O 15.
Bc1 Be8 16. h3 Na5 17. Bb2 Nec6 18. Qe2 Nc4 19. Bc1 h6 20. Kh1 Bh5 21. Qf2
1/2-1/2

[Event "GBR-ch85"]
[Site "Torquay"]
[Date "1998.08.01"]
[Round "6.14"]
[White "Kennaugh, Charles"]
[Black "Houska, Miroslav"]
[Result "1-0"]
[WhiteElo "2290"]
[BlackElo "2375"]
[PlyCount "27"]
[EventDate "1998.07.27"]
[EventType "swiss"]
[EventRounds "11"]
[EventCountry "GBR"]
[SourceTitle "BritBase"]
[Source "britbase.info"]
[SourceDate "2021.07.30"]
[SourceVersion "1"]
[SourceVersionDate "2021.07.30"]
[SourceQuality "1"]

1. e4 c6 2. Nc3 d5 3. Qf3 e6 4. d4 Nf6 5. Bg5 dxe4 6. Nxe4 Nbd7 7. O-O-O Be7 8.
Bc4 O-O 9. Ne2 Nxe4 10. Bxe7 Qxe7 11. Qxe4 Nf6 12. Qh4 b5 13. Bd3 c5 14. Bxh7+
1-0

[Event "GBR-ch85"]
[Site "Torquay"]
[Date "1998.08.01"]
[Round "6.15"]
[White "Dyce, Andrew"]
[Black "Bates, Richard A"]
[Result "1/2-1/2"]
[WhiteElo "2295"]
[BlackElo "2395"]
[PlyCount "81"]
[EventDate "1998.07.27"]
[EventType "swiss"]
[EventRounds "11"]
[EventCountry "GBR"]
[SourceTitle "BritBase Aug 2004"]

1. d4 Nf6 2. Nf3 g6 3. Bg5 Bg7 4. Nbd2 O-O 5. e3 d6 6. Bd3 c5 7. c3 Nc6 8. O-O
b6 9. Qe2 Bb7 10. a3 Rc8 11. b4 cxd4 12. cxd4 e5 13. dxe5 dxe5 14. Rac1 h6 15.
Bxf6 Qxf6 16. Ba6 Qe7 17. Bxb7 Qxb7 18. Ne4 Rfd8 19. Rfd1 Kh7 20. h3 f5 21. Nd6
Rxd6 22. Rxd6 Nd4 23. exd4 Rxc1+ 24. Kh2 e4 25. Ne5 Qe7 26. Rd5 Qe6 27. Qb5 Rd1
28. Qd7 Qxd7 29. Rxd7 Rxd4 30. Rxa7 Rd6 31. b5 Kg8 32. Nc4 Rd4 33. Rc7 f4 34.
Rc6 Rd5 35. Rxg6 Rxb5 36. Re6 Bd4 37. Re8+ Kh7 38. Rxe4 Bxf2 39. Rxf4 Bc5 40.
Rf3 Rb1 41. Rf7+ 1/2-1/2

[Event "GBR-ch85"]
[Site "Torquay"]
[Date "1998.08.01"]
[Round "6.16"]
[White "Basman, Michael John"]
[Black "Smith, Andrew Philip"]
[Result "1-0"]
[WhiteElo "2360"]
[BlackElo "2290"]
[PlyCount "85"]
[EventDate "1998.07.27"]
[EventType "swiss"]
[EventRounds "11"]
[EventCountry "GBR"]
[SourceTitle "BritBase"]
[Source "britbase.info"]
[SourceDate "2021.07.30"]
[SourceVersion "1"]
[SourceVersionDate "2021.07.30"]
[SourceQuality "1"]

1. b4 c6 2. e3 Qb6 3. a3 a5 4. b5 g6 5. Bb2 Nf6 6. Nf3 Bg7 7. c4 d6 8. Nc3 O-O
9. Be2 Nbd7 10. d4 Re8 11. O-O Qc7 12. Qb3 e5 13. Rfd1 e4 14. Nd2 Nf8 15. Rac1
Bf5 16. Na4 Rab8 17. Bc3 h5 18. Qb2 N8h7 19. Nb3 b6 20. c5 bxc5 21. b6 Qd7 22.
dxc5 d5 23. Nxa5 Bg4 24. Nxc6 Bxe2 25. Nxb8 Qxa4 26. Qxe2 Rxb8 27. Be5 Nd7 28.
Bxb8 Nxb8 29. Rxd5 Qxa3 30. Rb1 Nf8 31. Qb5 Qa2 32. Rdd1 Qe6 33. Rd8 Be5 34.
Qe8 Qxe8 35. Rxe8 Nc6 36. Rxe5 Nxe5 37. b7 Nfd7 38. b8=Q+ Nxb8 39. Rxb8+ Kg7
40. Rb4 Kf6 41. Rxe4 Kf5 42. Rd4 Ke6 43. f4 1-0

[Event "GBR-ch85"]
[Site "Torquay"]
[Date "1998.08.01"]
[Round "6.17"]
[White "Williams, Simon Kim"]
[Black "Moskovic, David M"]
[Result "1-0"]
[WhiteElo "2335"]
[BlackElo "2235"]
[PlyCount "61"]
[EventDate "1998.07.27"]
[EventType "swiss"]
[EventRounds "11"]
[EventCountry "GBR"]
[SourceTitle "BritBase"]
[Source "britbase.info"]
[SourceDate "2021.07.30"]
[SourceVersion "1"]
[SourceVersionDate "2021.07.30"]
[SourceQuality "1"]

1. c4 g6 2. Nc3 Bg7 3. e4 c5 4. g3 Nc6 5. Bg2 e6 6. d3 Nge7 7. Nge2 O-O 8. O-O
Rb8 9. Rb1 d6 10. Be3 Nd4 11. b4 Nxe2+ 12. Nxe2 cxb4 13. Rxb4 b6 14. Qd2 Bb7
15. Bh6 f5 16. Bxg7 Kxg7 17. Nf4 Qd7 18. d4 Nc6 19. exf5 Rxf5 20. Bxc6 Bxc6 21.
d5 exd5 22. cxd5 Bb7 23. Rc4 Rc8 24. Rfc1 Rxc4 25. Rxc4 Kg8 26. Qc3 Rf7 27. Ne6
h6 28. Qd3 Kh7 29. Rg4 Rf5 30. Nf8+ Rxf8 31. Qxg6+ 1-0

[Event "GBR-ch85"]
[Site "Torquay"]
[Date "1998.08.01"]
[Round "6.18"]
[White "Buckley, Graeme"]
[Black "Eames, Robert"]
[Result "1/2-1/2"]
[WhiteElo "2295"]
[BlackElo "2232"]
[PlyCount "109"]
[EventDate "1998.07.27"]
[EventType "swiss"]
[EventRounds "11"]
[EventCountry "GBR"]
[SourceTitle "BritBase Aug 2004"]

1. d4 d5 2. c4 e6 3. Nc3 c6 4. Nf3 Nf6 5. e3 Nbd7 6. Qc2 Bd6 7. Be2 O-O 8. O-O
e5 9. cxd5 cxd5 10. dxe5 Nxe5 11. Rd1 Qc7 12. Nd4 a6 13. Bd2 Be6 14. Be1 Rac8
15. Rac1 g6 16. Qb1 Qe7 17. f3 Nh5 18. Bf2 Bb8 19. Bf1 Qd6 20. g3 Ba7 21. Bg2
Rfd8 22. Kh1 Qf8 23. e4 Qh6 24. exd5 Bxd4 25. Rxd4 Bf5 26. Rc2 Nd3 27. Kg1 Nxf2
28. Kxf2 Bxc2 29. Qxc2 Re8 30. f4 Nf6 31. h3 Qg7 32. Qd3 b5 33. d6 Rb8 34. d7
Red8 35. Rd6 b4 36. Na4 a5 37. Nc5 Nh5 38. Na6 Qxb2+ 39. Kg1 Qc1+ 40. Kh2 Nxf4
41. gxf4 Qxf4+ 42. Kg1 Qc1+ 43. Bf1 Qg5+ 44. Kh1 Rb7 45. Qe4 Ra7 46. Qd4 Qf5
47. Nb8 Qxf1+ 48. Kh2 Qe2+ 49. Kg3 Qe1+ 50. Kg4 f5+ 51. Kg5 Qe7+ 52. Kh6 Qf8+
53. Kg5 Qe7+ 54. Kh6 Qf8+ 55. Kg5 1/2-1/2

[Event "GBR-ch85"]
[Site "Torquay"]
[Date "1998.08.01"]
[Round "6.19"]
[White "Houska, Jovanka"]
[Black "Tebb, David"]
[Result "1/2-1/2"]
[WhiteElo "2190"]
[BlackElo "2250"]
[PlyCount "78"]
[EventDate "1998.07.27"]
[EventType "swiss"]
[EventRounds "11"]
[EventCountry "GBR"]
[SourceTitle "BritBase"]
[Source "britbase.info"]
[SourceDate "2021.07.30"]
[SourceVersion "1"]
[SourceVersionDate "2021.07.30"]
[SourceQuality "1"]

1. e4 c5 2. Nf3 d6 3. c3 Nf6 4. Be2 Nbd7 5. d3 g6 6. O-O Bg7 7. Re1 O-O 8. Bf1
e5 9. d4 cxd4 10. cxd4 exd4 11. Qxd4 Re8 12. Qb4 a5 13. Qxd6 Nxe4 14. Qd5 Ndf6
15. Qxd8 Rxd8 16. Na3 Bf5 17. h3 Nc5 18. Bc4 Bd3 19. Bg5 Bxc4 20. Nxc4 Ne6 21.
Rad1 Rxd1 22. Rxd1 Nxg5 23. Nxg5 h6 24. Nf3 b5 25. Nce5 Re8 26. Nc6 Re2 27.
Rd8+ Bf8 28. Rd2 Rxd2 29. Nxd2 a4 30. Nd4 b4 31. Kf1 Nd5 32. Nb5 Nf4 33. Nc4
Nd3 34. a3 Bg7 35. axb4 Nxb2 36. Ne3 Nd3 37. Nc2 Bf8 38. Nc3 Nxb4 39. Nxb4 Bxb4
1/2-1/2

[Event "GBR-ch85"]
[Site "Torquay"]
[Date "1998.08.01"]
[Round "6.20"]
[White "Osborne, Marcus E"]
[Black "Beaumont, Chris"]
[Result "1-0"]
[WhiteElo "2205"]
[BlackElo "2330"]
[PlyCount "77"]
[EventDate "1998.07.27"]
[EventType "swiss"]
[EventRounds "11"]
[EventCountry "GBR"]
[SourceTitle "BritBase"]
[Source "britbase.info"]
[SourceDate "2021.07.30"]
[SourceVersion "1"]
[SourceVersionDate "2021.07.30"]
[SourceQuality "1"]

1. e4 c5 2. Nf3 g6 3. c3 Bg7 4. d4 cxd4 5. cxd4 d5 6. exd5 Nf6 7. Nc3 O-O 8.
Bc4 Nbd7 9. d6 exd6 10. O-O Nb6 11. Bb3 Bf5 12. Bg5 h6 13. Bf4 Ne4 14. Nd5 Rc8
15. Nxb6 Qxb6 16. Nh4 Qxd4 17. Nxf5 gxf5 18. Qh5 Nf6 19. Qxf5 Qe4 20. Qxe4 Nxe4
21. Rfe1 Rfe8 22. Ba4 b5 23. Bxb5 Re7 24. f3 Bd4+ 25. Kf1 Rc2 26. Re2 Rxe2 27.
Bxe2 Nf6 28. Bxd6 Rb7 29. Rd1 Bxb2 30. Rb1 Rb6 31. Bc5 Rc6 32. Bxa7 Be5 33. Bb8
Bd4 34. Rd1 Be3 35. Be5 Re6 36. Rd8+ Kg7 37. f4 Kg6 38. Bd3+ Kh5 39. Bf5 1-0

[Event "GBR-ch85"]
[Site "Torquay"]
[Date "1998.08.01"]
[Round "6.21"]
[White "Jackson, Oliver"]
[Black "Buckley, Melanie"]
[Result "1/2-1/2"]
[WhiteElo "2255"]
[BlackElo "2005"]
[PlyCount "97"]
[EventDate "1998.07.27"]
[EventType "swiss"]
[EventRounds "11"]
[EventCountry "GBR"]
[SourceTitle "BritBase"]
[Source "britbase.info"]
[SourceDate "2021.07.30"]
[SourceVersion "1"]
[SourceVersionDate "2021.07.30"]
[SourceQuality "1"]

1. e4 e6 2. d4 d5 3. Nc3 Bb4 4. e5 c5 5. a3 Bxc3+ 6. bxc3 Ne7 7. Qg4 Kf8 8. Bd3
b6 9. Nh3 Ba6 10. O-O Bxd3 11. cxd3 h6 12. a4 Kg8 13. Nf4 Kh7 14. Re1 cxd4 15.
cxd4 Nf5 16. Be3 Nc6 17. Rac1 Rc8 18. Nh5 Qh4 19. Qxh4 Nxh4 20. Rc3 Ne7 21.
Rec1 Rxc3 22. Rxc3 Rc8 23. Rxc8 Nxc8 24. Ng3 Kg8 25. Bc1 Ne7 26. Ba3 Nc6 27.
Ne2 Nf5 28. Bb2 Kf8 29. g3 Ke8 30. Kf1 Kd7 31. Ke1 Kc7 32. Kd2 a6 33. Kc3 b5
34. axb5 axb5 35. Ba3 Kb6 36. Bb4 Nxb4 37. Kxb4 Ne7 38. f4 h5 39. h3 Nc6+ 40.
Kb3 g6 41. g4 hxg4 42. hxg4 Ka5 43. Kb2 b4 44. f5 gxf5 45. gxf5 Ka4 46. f6 Kb5
47. Kb3 Na5+ 48. Kb2 Nc6 49. Kb3 1/2-1/2

[Event "GBR-ch85"]
[Site "Torquay"]
[Date "1998.08.01"]
[Round "6.22"]
[White "Jackson, Sheila"]
[Black "Pert, Richard G"]
[Result "0-1"]
[WhiteElo "2165"]
[BlackElo "2240"]
[PlyCount "152"]
[EventDate "1998.07.27"]
[EventType "swiss"]
[EventRounds "11"]
[EventCountry "GBR"]
[SourceTitle "BritBase"]
[Source "britbase.info"]
[SourceDate "2021.07.30"]
[SourceVersion "1"]
[SourceVersionDate "2021.07.30"]
[SourceQuality "1"]

1. e4 c5 2. c3 d5 3. exd5 Qxd5 4. d4 g6 5. Nf3 Bg7 6. dxc5 Qxc5 7. Be3 Qc7 8.
Bb5+ Bd7 9. Bxd7+ Nxd7 10. O-O Ngf6 11. h3 O-O 12. Na3 a6 13. c4 Rad8 14. Qe2
e5 15. Rfd1 Rfe8 16. Rac1 e4 17. Nd4 Nc5 18. b4 Nd3 19. Rb1 Nh5 20. Ndc2 Qe5
21. c5 Qe6 22. Ne1 Nxe1 23. Rxe1 Rd3 24. Bc1 Bc3 25. Qxd3 exd3 26. Rxe6 Rxe6
27. Be3 f5 28. Rd1 Bxb4 29. Rxd3 f4 30. Bd4 Re2 31. Nc4 Rc2 32. Nd6 Bxc5 33.
Bxc5 Rxc5 34. Nxb7 Rc1+ 35. Kh2 Rc2 36. Ra3 Rxf2 37. Kg1 Rb2 38. Nc5 Ng3 39.
Rb3 Rxa2 40. Rb8+ Kf7 41. Rb7+ Ke8 42. Rb1 Ke7 43. Nd3 g5 44. h4 h6 45. Kh2 Kf6
46. hxg5+ hxg5 47. Rc1 Ne4 48. Kg1 Kf5 49. Nb4 Ra4 50. Rb1 Kg4 51. Nc6 Ra2 52.
Ne5+ Kf5 53. Nc6 Nf6 54. Rc1 Ng4 55. Nb4 Rb2 56. Nd3 Rd2 57. Rc5+ Ke4 58. Ne1
Rd1 59. Kf1 Ne3+ 60. Ke2 Ra1 61. Kf2 Ra2+ 62. Kg1 Re2 63. Rc1 Kf5 64. g3 fxg3
65. Nd3 Kg4 66. Ne5+ Kf5 67. Nc4 Nxc4 68. Rxc4 Ra2 69. Rd4 a5 70. Rc4 a4 71.
Rb4 a3 72. Ra4 Kg6 73. Ra5 Kf6 74. Kf1 Rf2+ 75. Kg1 a2 76. Ra3 Rb2 0-1